[Event "Aeroflot Open 2012 B"]
[Site "Moscow, Russia"]
[Date "2012.02.12"]
[Round "6"]
[White "Arun Prasad, S."]
[Black "Artemiev, Vladislav"]
[Result "1/2-1/2"]
[WhiteElo "2530"]
[BlackElo "2439"]
[PlyCount "89"]
[EventDate "2012.??.??"]

1. c4 e5 2. g3 Nf6 3. Bg2 Bc5 4. Nc3 c6 5. e3 d6 6. Nge2 Bb6 7. d4 O-O 8. h3
Re8 9. a3 Nbd7 10. O-O Nf8 11. b4 Be6 12. d5 cxd5 13. cxd5 Bd7 14. a4 a5 15.
Ba3 Qb8 16. Qb3 axb4 17. Bxb4 Rc8 18. Rfb1 Ra6 19. Nc1 Bf5 20. Rb2 N8d7 21. Bf1
Ra8 22. Qa3 Bc5 23. Nd3 Bxd3 24. Bxd3 g6 25. Bf1 Ra5 26. Bb5 Nb6 27. Rd1 Qc7
28. Rb3 Qd8 29. Qb2 Bxb4 30. Rxb4 Rca8 31. Qd2 Qc8 32. Kg2 Kg7 33. Rdb1 h5 34.
e4 Qc7 35. Rc1 Qd8 36. Qe3 Rc8 37. Ne2 Nbd7 38. Bxd7 Rxc1 39. Nxc1 Qxd7 40. Qb3
Ra7 41. Ne2 Qd8 42. Nc3 Nd7 43. Rc4 Nc5 44. Qc2 b6 45. Rb4 1/2-1/2

[Event "Aeroflot Open 2012 B"]
[Site "Moscow, Russia"]
[Date "2012.02.12"]
[Round "6"]
[White "Pavlov, Sergey"]
[Black "Matinian, Nikita"]
[Result "1/2-1/2"]
[WhiteElo "2477"]
[BlackElo "2438"]
[PlyCount "107"]
[EventDate "2012.??.??"]

1. e4 e5 2. Nf3 Nc6 3. d4 exd4 4. Nxd4 Bc5 5. Nxc6 Qf6 6. Qf3 bxc6 7. Nd2 Qxf3
8. gxf3 Ne7 9. Nb3 Bb6 10. a4 a5 11. Be3 Bxe3 12. fxe3 d6 13. Rg1 O-O 14. O-O-O
Ng6 15. f4 Re8 16. Bg2 Ra6 17. Nd4 Bd7 18. b3 Rb6 19. c4 Nf8 20. Kc2 Ne6 21.
Nxe6 Bxe6 22. f5 Bc8 23. c5 dxc5 24. Bf1 Kf8 25. Bc4 g6 26. fxg6 hxg6 27. Rg5
Kg7 28. Rf1 f6 29. Rxc5 Rxe4 30. Rxa5 Rxe3 31. Rc5 Ba6 32. Bxa6 Rxa6 33. Rd1
Rb6 34. Rc3 Re7 35. a5 Ra6 36. b4 f5 37. Kb3 f4 38. h4 Rf7 39. Rf1 Kh6 40. Rcf3
g5 41. hxg5+ Kxg5 42. Rg1+ Kf5 43. Rxf4+ Kxf4 44. Rf1+ Ke5 45. Rxf7 c5 46. Rh7
cxb4 47. Rh5+ Kd4 48. Kxb4 Ra8 49. Kb5 c5 50. Rh4+ Kd5 51. a6 c4 52. Rh5+ Kd4
53. Rh4+ Kd3 54. Rh3+ 1/2-1/2

[Event "Aeroflot Open 2012 B"]
[Site "Moscow, Russia"]
[Date "2012.02.12"]
[Round "6"]
[White "Petrosian, Davit G"]
[Black "Kanter, Eduard"]
[Result "1-0"]
[WhiteElo "2476"]
[BlackElo "2414"]
[PlyCount "91"]
[EventDate "2012.??.??"]

1. e4 c5 2. Nf3 d6 3. d4 cxd4 4. Nxd4 Nf6 5. Nc3 g6 6. Be3 Bg7 7. f3 O-O 8. Qd2
Nc6 9. g4 Be6 10. Nxe6 fxe6 11. O-O-O Ne5 12. Be2 Qc8 13. h4 Nc4 14. Bxc4 Qxc4
15. h5 b5 16. Kb1 b4 17. Ne2 e5 18. b3 Qc6 19. h6 Bh8 20. g5 Nh5 21. Rhf1 a5
22. Qd5+ Qxd5 23. Rxd5 Nf4 24. Nxf4 exf4 25. Bd4 Bxd4 26. Rxd4 Kf7 27. c3 bxc3
28. Kc2 Rfc8 29. Rfd1 Ke6 30. Rd5 a4 31. b4 a3 32. Kb3 Ra7 33. Rc1 Rac7 34. Rc2
Kd7 35. Ra5 Rc4 36. Rxa3 R8c7 37. Ra4 e6 38. Ra5 Kc8 39. Rb5 R4c6 40. a4 Rc4
41. Rb6 d5 42. Rxe6 d4 43. Rd6 Kb7 44. e5 R7c6 45. Rd5 Rc7 46. e6 1-0

[Event "Aeroflot Open 2012 B"]
[Site "Moscow, Russia"]
[Date "2012.02.12"]
[Round "6"]
[White "Nguyen, Van Huy"]
[Black "Garcia, Jan Emmanuel"]
[Result "1/2-1/2"]
[WhiteElo "2473"]
[BlackElo "2409"]
[PlyCount "80"]
[EventDate "2012.??.??"]

1. d4 d6 2. Nf3 g6 3. g3 Nf6 4. Bg2 Bg7 5. O-O O-O 6. a4 a5 7. c3 Nbd7 8. Nbd2
e5 9. dxe5 dxe5 10. Nc4 e4 11. Nd4 Nc5 12. Qc2 Qd5 13. Ne3 Qe5 14. Rd1 Bd7 15.
b3 Rfe8 16. Bb2 b6 17. Nb5 Rac8 18. c4 Qe6 19. Rd2 Bxb5 20. axb5 Red8 21. Rad1
Rxd2 22. Rxd2 Nfd7 23. Nd5 f5 24. f3 Bxb2 25. Qxb2 Kf7 26. fxe4 Nxe4 27. Nf4
Qe7 28. Bxe4 fxe4 29. Rd1 Kg8 30. Nd5 Qc5+ 31. Kg2 Rf8 32. Qd4 Rf7 33. Qxe4
Qf2+ 34. Kh1 Nc5 35. Qe5 Nd3 36. Qe8+ Kg7 37. Rg1 Qf5 38. exd3 Qf3+ 39. Rg2
Qf1+ 40. Rg1 Qf3+ 1/2-1/2

[Event "Aeroflot Open 2012 B"]
[Site "Moscow, Russia"]
[Date "2012.02.12"]
[Round "6"]
[White "Akshayraj, Kore"]
[Black "Deepan Chakkravarthy J."]
[Result "1/2-1/2"]
[WhiteElo "2386"]
[BlackElo "2495"]
[PlyCount "26"]
[EventDate "2012.??.??"]

1. e4 c5 2. Nf3 Nc6 3. d4 cxd4 4. Nxd4 Nf6 5. Nc3 e5 6. Ndb5 d6 7. Bg5 a6 8.
Na3 b5 9. Nd5 Qa5+ 10. Bd2 Qd8 11. Bg5 Qa5+ 12. Bd2 Qd8 13. Bg5 Bg4 1/2-1/2

[Event "Aeroflot Open 2012 B"]
[Site "Moscow, Russia"]
[Date "2012.02.12"]
[Round "6"]
[White "Padmini, Rout"]
[Black "Atalik, Ekaterina"]
[Result "1/2-1/2"]
[WhiteElo "2383"]
[BlackElo "2481"]
[PlyCount "48"]
[EventDate "2012.??.??"]

1. e4 e5 2. Nf3 Nc6 3. Bb5 Nf6 4. O-O Nxe4 5. d4 Nd6 6. Bxc6 dxc6 7. dxe5 Nf5
8. Qxd8+ Kxd8 9. Nc3 Ke8 10. h3 h5 11. Ne4 Be6 12. Re1 Be7 13. b3 a5 14. a4 b6
15. Bb2 Rd8 16. Rad1 Rxd1 17. Rxd1 Rh6 18. Nfg5 Bxg5 19. Nxg5 Rg6 20. Nxe6 Rxe6
21. g3 c5 22. Kg2 Nd4 23. Bxd4 cxd4 24. Rxd4 Rxe5 1/2-1/2

[Event "Aeroflot Open 2012 B"]
[Site "Moscow, Russia"]
[Date "2012.02.12"]
[Round "6"]
[White "Karpatchev, Aleksandr"]
[Black "Swayams, Mishra"]
[Result "1/2-1/2"]
[WhiteElo "2466"]
[BlackElo "2386"]
[PlyCount "118"]
[EventDate "2012.??.??"]

1. e4 e5 2. Nf3 Nc6 3. d4 exd4 4. Bc4 Nf6 5. e5 d5 6. Bb5 Ne4 7. Nxd4 Bd7 8.
Bxc6 bxc6 9. O-O Bc5 10. f3 Ng5 11. Be3 Bb6 12. a4 c5 13. Ne2 c6 14. a5 Bc7 15.
Bxc5 Ne6 16. Ba3 Bxa5 17. f4 Bb6+ 18. Kh1 Nc5 19. Nbc3 O-O 20. Nd4 Re8 21. Qd2
Qc8 22. Bxc5 Bxc5 23. Na4 Bf8 24. Nb3 Bf5 25. Nac5 Qb8 26. Ra5 Qc7 27. Qc3 Bc8
28. h3 g6 29. Nd4 g5 30. Ncb3 gxf4 31. Rxd5 Bg7 32. Qxc6 Qxc6 33. Nxc6 Be6 34.
Rc5 Bxb3 35. cxb3 Bh6 36. b4 a6 37. Ra1 Bg7 38. Rf1 Bh6 39. Kh2 Kh8 40. Ra1 Bg7
41. Rf1 Re6 42. Kh1 Rc8 43. Rfc1 Rce8 44. R5c4 Bxe5 45. Nxe5 Rxe5 46. Rxf4 Re1+
47. Rxe1 Rxe1+ 48. Kh2 Re2 49. Rxf7 Rxb2 50. Rf4 Kg7 51. h4 Ra2 52. Rg4+ Kh8
53. h5 a5 54. b5 Rb2 55. Rg5 a4 56. h6 a3 57. Rg3 Rxb5 58. Rxa3 Rh5+ 59. Rh3
Rxh3+ 1/2-1/2

[Event "Aeroflot Open 2012 B"]
[Site "Moscow, Russia"]
[Date "2012.02.12"]
[Round "6"]
[White "Badmatsyrenov, Oleg"]
[Black "Goryachkina, Aleksandra"]
[Result "1-0"]
[WhiteElo "2445"]
[BlackElo "2333"]
[PlyCount "59"]
[EventDate "2012.??.??"]

1. e4 c5 2. Nc3 d6 3. Nf3 Nf6 4. d4 cxd4 5. Nxd4 a6 6. f4 e6 7. Qf3 Qc7 8. Be3
b5 9. Bd3 Bb7 10. g4 b4 11. Nce2 d5 12. e5 Ne4 13. Ng3 Nc5 14. O-O Nbd7 15. a3
bxa3 16. Rxa3 Nb6 17. b4 Nc4 18. Rc3 Na4 19. Rxc4 dxc4 20. Be4 Bxe4 21. Nxe4
Rc8 22. c3 Be7 23. f5 exf5 24. Nd6+ Bxd6 25. exd6 Qd8 26. Nxf5 O-O 27. Bh6 f6
28. Qd5+ Rf7 29. Ne7+ Kf8 30. Rxf6 1-0

[Event "Aeroflot Open 2012 B"]
[Site "Moscow, Russia"]
[Date "2012.02.12"]
[Round "6"]
[White "Blanco, Cristobal J"]
[Black "Antipov, Mikhail Al"]
[Result "1/2-1/2"]
[WhiteElo "2385"]
[BlackElo "2436"]
[PlyCount "92"]
[EventDate "2012.??.??"]

1. e4 c5 2. Nc3 d6 3. g3 Nc6 4. Bg2 g6 5. d3 Bg7 6. f4 e6 7. Nf3 Nge7 8. O-O
O-O 9. Be3 Rb8 10. Qd2 Nd4 11. Rae1 Nec6 12. Nd1 b6 13. Ng5 d5 14. c3 Nb5 15.
e5 h6 16. Nh3 f5 17. exf6 Qxf6 18. Ndf2 Qd8 19. f5 gxf5 20. Bxh6 Nc7 21. Bxg7
Kxg7 22. g4 Qh4 23. gxf5 Rxf5 24. Re3 Bd7 25. Rg3+ Kf7 26. Ng4 Rxf1+ 27. Bxf1
Ke7 28. Qf4 Nb5 29. Rf3 Nd6 30. Nhf2 e5 31. Nxe5 Rg8+ 32. Bg2 Qxf4 33. Nxc6+
Bxc6 34. Rxf4 d4 35. Ng4 Bxg2 36. Kxg2 dxc3 37. bxc3 Nb5 38. c4 Nc3 39. a3 Nb1
40. Kf3 Nxa3 41. Ne3 b5 42. cxb5 Nxb5 43. Ra4 Rd8 44. Ra5 a6 45. Rxa6 Rxd3 46.
Ke4 c4 1/2-1/2

[Event "Aeroflot Open 2012 B"]
[Site "Moscow, Russia"]
[Date "2012.02.12"]
[Round "6"]
[White "Illner, Achim"]
[Black "Diermair, Andreas"]
[Result "1/2-1/2"]
[WhiteElo "2375"]
[BlackElo "2429"]
[PlyCount "140"]
[EventDate "2012.??.??"]

1. d4 d5 2. Nf3 Nf6 3. c4 e6 4. Bg5 h6 5. Bxf6 Qxf6 6. Nbd2 Nd7 7. Rc1 c6 8. g3
g6 9. Bg2 Bg7 10. O-O O-O 11. e4 c5 12. exd5 exd5 13. cxd5 cxd4 14. Re1 Nb6 15.
Ne5 Qd8 16. Nb3 Nxd5 17. Qxd4 Ne7 18. Qc5 Be6 19. Bxb7 Rb8 20. Na5 Bxe5 21.
Rxe5 Qd2 22. Rce1 Nf5 23. R5e2 Qd4 24. b4 Qxc5 25. bxc5 Nd4 26. Re3 Nc2 27.
Rxe6 fxe6 28. Rxe6 Kf7 29. Rd6 Rbe8 30. Bd5+ Kg7 31. Rd7+ Kf6 32. Rxa7 Rc8 33.
c6 Nb4 34. Bb3 Ra8 35. Rb7 Rxa5 36. Rxb4 Rc5 37. Rb6 Rc8 38. Ba4 Ra8 39. Bb5
Ke7 40. Rb7+ Kd6 41. a4 Rf8 42. Rd7+ Ke6 43. Rd2 g5 44. Kg2 g4 45. h3 h5 46.
hxg4 hxg4 47. Be2 Kf5 48. Rd4 Ke5 49. Rxg4 Rxc6 50. Rg5+ Kd4 51. Rg4+ Ke5 52.
Rg5+ Kd4 53. Rg7 Rc2 54. Rd7+ Ke5 55. Re7+ Kd6 56. Re4 Ra2 57. g4 Ra8 58. Bb5
Rf8 59. Re2 Ra3 60. Rd2+ Ke5 61. Bc6 Rf6 62. Rc2 Kf4 63. Rc4+ Kg5 64. Bd7 Rf4
65. Rc5+ Kg6 66. Bf5+ Kf6 67. a5 Ra2 68. g5+ Ke7 69. Bc2 Kd6 70. Rc3 Rg4+
1/2-1/2

[Event "Aeroflot Open 2012 B"]
[Site "Moscow, Russia"]
[Date "2012.02.12"]
[Round "6"]
[White "Froewis, Georg"]
[Black "Mohota, Nisha"]
[Result "1/2-1/2"]
[WhiteElo "2424"]
[BlackElo "2323"]
[PlyCount "105"]
[EventDate "2012.??.??"]

1. Nf3 d5 2. d4 Nf6 3. c4 e6 4. Nc3 Bb4 5. Bg5 Nbd7 6. Qc2 c5 7. cxd5 exd5 8.
a3 Bxc3+ 9. Qxc3 h6 10. Bxf6 Qxf6 11. e3 O-O 12. Be2 b6 13. O-O Bb7 14. Bb5 Bc6
15. Bxc6 Qxc6 16. dxc5 Qxc5 17. Qd2 Nf6 18. Rfd1 Rac8 19. Nd4 Qd6 20. Qe2 Rfe8
21. Qf3 Qe5 22. Rac1 Rc5 23. b4 Rc4 24. Rxc4 dxc4 25. Qc6 Ng4 26. Nf3 Qe6 27.
Qxe6 fxe6 28. b5 Rc8 29. Kf1 c3 30. Ke2 Rc5 31. a4 e5 32. Rc1 Nf6 33. Ne1 Rc4
34. Kd3 Rxa4 35. Nc2 Nd5 36. f3 Kf7 37. Rb1 Ke6 38. e4 Nc7 39. Kxc3 Ra5 40. Kc4
Ra4+ 41. Rb4 a6 42. bxa6 b5+ 43. Kb3 Rxa6 44. Na3 Rd6 45. Nxb5 Nxb5 46. Rxb5
Rd2 47. Rb6+ Kf7 48. Kc4 Rxg2 49. Kd5 Rf2 50. Kxe5 Rxf3 51. Rb7+ Kg6 52. Rb2
Kf7 53. Rb7+ 1/2-1/2

[Event "Aeroflot Open 2012 B"]
[Site "Moscow, Russia"]
[Date "2012.02.12"]
[Round "6"]
[White "Karavade, Eesha"]
[Black "Kurukin, Dmitry"]
[Result "1-0"]
[WhiteElo "2354"]
[BlackElo "2417"]
[PlyCount "55"]
[EventDate "2012.??.??"]

1. d4 Nf6 2. c4 e6 3. Nc3 Bb4 4. Qc2 O-O 5. e4 d5 6. e5 Ne4 7. Bd3 c5 8. Nf3
cxd4 9. Nxd4 Nd7 10. Bf4 Ndc5 11. O-O Nxd3 12. Qxd3 Bxc3 13. bxc3 b6 14. cxd5
exd5 15. Rfd1 Qh4 16. Bg3 Qh5 17. Qe3 Bd7 18. f3 Ba4 19. Re1 Nc5 20. Rac1 Rfe8
21. Rb1 Re7 22. Rb4 Qg6 23. c4 Rd8 24. Rxa4 Nxa4 25. Bh4 Ree8 26. Bxd8 Rxd8 27.
e6 dxc4 28. Nc6 1-0

[Event "Aeroflot Open 2012 B"]
[Site "Moscow, Russia"]
[Date "2012.02.12"]
[Round "6"]
[White "Cori T., Deysi"]
[Black "Soumya, Swaminathan"]
[Result "0-1"]
[WhiteElo "2415"]
[BlackElo "2280"]
[PlyCount "102"]
[EventDate "2012.??.??"]

1. d4 Nf6 2. Nf3 g6 3. c4 Bg7 4. g3 O-O 5. Bg2 d5 6. cxd5 Nxd5 7. O-O Nb6 8.
Nc3 Nc6 9. e3 Re8 10. Re1 a5 11. Qe2 e5 12. dxe5 Nxe5 13. Nxe5 Bxe5 14. e4 Be6
15. Be3 Bc4 16. Qg4 h5 17. Qf3 Qe7 18. Rac1 Qb4 19. Bxb6 Qxb6 20. b3 Be6 21.
Qe2 c6 22. Kh1 Qb4 23. Na4 Rad8 24. Rc2 Bd4 25. Rec1 h4 26. gxh4 Qe7 27. h5 Qh4
28. hxg6 fxg6 29. e5 Bg4 30. Qf1 Rxe5 31. Rd2 Rh5 32. h3 Bxh3 33. Bxh3 Qg4 34.
Rc3 Qe4+ 35. Kg1 Rg5+ 36. Bg2 Rxg2+ 37. Qxg2 Qe1+ 38. Kh2 Be5+ 39. Kh3 Rxd2 40.
Rf3 Bg7 41. Re3 Qxf2 42. Re8+ Kf7 43. Qxf2+ Rxf2 44. Rb8 b5 45. Nc5 Rxa2 46.
Rb7+ Kf6 47. Kg4 Rc2 48. Ne4+ Ke5 49. Re7+ Kd5 50. Kf3 Bf8 51. Re8 Ba3 0-1

[Event "Aeroflot Open 2012 B"]
[Site "Moscow, Russia"]
[Date "2012.02.12"]
[Round "6"]
[White "Ankit, R. Rajpara"]
[Black "Ovod, Evgenija"]
[Result "1/2-1/2"]
[WhiteElo "2349"]
[BlackElo "2412"]
[PlyCount "107"]
[EventDate "2012.??.??"]

1. e4 e6 2. d4 d5 3. Nd2 c5 4. exd5 Qxd5 5. dxc5 Bxc5 6. Ngf3 Nf6 7. Bc4 Qc6 8.
Qe2 a6 9. O-O b5 10. Bd3 Bb7 11. Nb3 Bb6 12. Be3 Nbd7 13. Bxb6 Qxb6 14. a4 b4
15. a5 Qc7 16. Rfe1 Nd5 17. g3 O-O 18. Nfd2 h6 19. Rac1 Kh8 20. Be4 f5 21. Bg2
e5 22. Nf3 e4 23. Nfd4 Rae8 24. f4 g6 25. Kh1 N7f6 26. Nd2 Qxa5 27. Nc4 Qc7 28.
Ne5 Kh7 29. Qc4 Qd6 30. Rcd1 Re7 31. Qb3 Qc5 32. Bh3 Bc8 33. Bf1 g5 34. Bc4
gxf4 35. Ndc6 Ne3 36. Nxe7 Qxe7 37. gxf4 Nxd1 38. Rxd1 Ng4 39. Nxg4 fxg4 40.
Qe3 a5 41. Bd5 Bf5 42. Rd4 Kg7 43. Rc4 Rf6 44. Bxe4 Rd6 45. Kg2 h5 46. Kf2 Qh4+
47. Kg2 Qh3+ 48. Qxh3 gxh3+ 49. Kg3 Bxe4 50. Rxe4 Rc6 51. Re5 Rxc2 52. Rxa5 h4+
53. Kxh3 Rxb2 54. Kxh4 1/2-1/2

[Event "Aeroflot Open 2012 B"]
[Site "Moscow, Russia"]
[Date "2012.02.12"]
[Round "6"]
[White "Ivana Maria, Furtado"]
[Black "Tunik, Gennady"]
[Result "0-1"]
[WhiteElo "2065"]
[BlackElo "2406"]
[PlyCount "92"]
[EventDate "2012.??.??"]

1. d4 Nf6 2. c4 e6 3. Nf3 b6 4. g3 Ba6 5. Qa4 Bb7 6. Bg2 c5 7. dxc5 bxc5 8. O-O
Be7 9. Nc3 O-O 10. Rd1 Qb6 11. Bf4 d6 12. Rab1 Nbd7 13. b4 Rfb8 14. bxc5 Qxc5
15. Be3 Qc8 16. Nb5 Nb6 17. Qb4 a5 18. Qe1 Nxc4 19. Ba7 Bxf3 20. Bxf3 Rxb5 21.
Bxa8 Qxa8 22. Rxb5 Qxa7 23. Rdb1 d5 24. Rb7 Qc5 25. R1b5 Qd6 26. Ra7 Qd8 27.
Rab7 Bd6 28. Qb1 Nd7 29. Qb3 g6 30. e4 Nd2 31. Qe3 Nxe4 32. Qa7 Qf6 33. Rxd7
Qa1+ 34. Kg2 Nd2 35. Rb8+ Bxb8 36. Qxb8+ Kg7 37. Qb5 Qd4 38. Rb7 Qe4+ 39. Kh3
Nf3 40. Rxf7+ Kxf7 41. Qd7+ Kf6 42. Qd8+ Kg7 43. Qe7+ Kh6 44. g4 Ng5+ 45. Kh4
Qf4 46. h3 Qxf2# 0-1

[Event "Aeroflot Open 2012 B"]
[Site "Moscow, Russia"]
[Date "2012.02.12"]
[Round "6"]
[White "Savitskiy, Sergey"]
[Black "Kreisl, Robert"]
[Result "1/2-1/2"]
[WhiteElo "2301"]
[BlackElo "2406"]
[PlyCount "26"]
[EventDate "2012.??.??"]

1. e4 c6 2. d4 d5 3. Nc3 dxe4 4. Nxe4 Bf5 5. Ng3 Bg6 6. Bc4 e6 7. N1e2 Bd6 8.
h4 h6 9. Nf4 Bxf4 10. Bxf4 Nf6 11. h5 Bh7 12. Qe2 Nbd7 13. O-O-O Nb6 1/2-1/2

[Event "Aeroflot Open 2012 B"]
[Site "Moscow, Russia"]
[Date "2012.02.12"]
[Round "6"]
[White "Firat, Burak"]
[Black "Le, Quang Long"]
[Result "1-0"]
[WhiteElo "2396"]
[BlackElo "2316"]
[PlyCount "77"]
[EventDate "2012.??.??"]

1. e4 c6 2. d4 d5 3. Nc3 dxe4 4. Nxe4 Bf5 5. Ng3 Bg6 6. h4 h6 7. Nf3 Nd7 8. h5
Bh7 9. Bd3 Bxd3 10. Qxd3 e6 11. Bd2 Ngf6 12. O-O-O Be7 13. Qe2 O-O 14. Rhe1 Qc7
15. Ne5 c5 16. Ng6 fxg6 17. Qxe6+ Kh8 18. hxg6 Ng8 19. Nf5 Rae8 20. g4 Bg5 21.
Qxe8 Rxe8 22. Rxe8 Bxd2+ 23. Rxd2 Ndf6 24. Re6 Qf4 25. Nd6 Ne7 26. Nf7+ Kg8 27.
Rxe7 Kf8 28. Re3 Ne4 29. Nd6 Nxd6 30. dxc5 Nf7 31. Rd7 Ne5 32. Rd5 Ke7 33.
Rdxe5+ Kd7 34. f3 Kc6 35. a3 a5 36. Kb1 Qd4 37. Re6+ Kb5 38. a4+ Qxa4 39. R6e4
1-0

[Event "Aeroflot Open 2012 B"]
[Site "Moscow, Russia"]
[Date "2012.02.12"]
[Round "6"]
[White "Guliyev, Namig"]
[Black "Hernandez, Alexander"]
[Result "0-1"]
[WhiteElo "2545"]
[BlackElo "2270"]
[PlyCount "148"]
[EventDate "2012.??.??"]

1. e4 c5 2. Nf3 d6 3. d4 cxd4 4. Nxd4 Nf6 5. Nc3 a6 6. Be3 e5 7. Nf3 Be7 8. Bc4
Be6 9. Bb3 Nbd7 10. O-O Rc8 11. Qd3 Ng4 12. Nd5 Nxe3 13. Qxe3 Nf6 14. Nxf6+
Bxf6 15. Rfd1 O-O 16. c3 Bg4 17. Rd3 Bxf3 18. Qxf3 Qe7 19. Rad1 Rcd8 20. Qg4 g6
21. Rh3 Kg7 22. Rd5 Bg5 23. Bc2 Bc1 24. b4 Bh6 25. Rg3 Bf4 26. Rgd3 f5 27. exf5
Rxf5 28. Rd1 Rff8 29. g3 Bh6 30. Be4 Qc7 31. Kg2 Rf6 32. R1d3 Rdf8 33. f3 b5
34. a4 bxa4 35. Ra5 Qc4 36. Rxa4 R8f7 37. Ra5 Bc1 38. Ra1 h5 39. Qh4 Qb3 40.
Rxa6 Qb2+ 41. Kf1 Bd2 42. Raxd6 Qc1+ 43. Kg2 Bg5 44. Qh3 Be3 45. Rxe3 Rxd6 46.
Re2 Qxc3 47. Qh4 Rd2 48. Rxd2 Qxd2+ 49. Kh3 Qxb4 50. Qd8 Qe7 51. Qb6 Qf6 52.
Qb3 Rd7 53. Qa2 Rd6 54. Qb2 Qe7 55. Kg2 Rd4 56. h4 Qd7 57. Qb7 Rd2+ 58. Kf1
Qxb7 59. Bxb7 Kf6 60. Bc6 g5 61. Be8 gxh4 62. gxh4 Rh2 63. Bxh5 Rxh4 64. Be8
Rh2 65. Bc6 Kf5 66. Kg1 Rb2 67. Kf1 Kf4 68. Bd5 Ke3 69. Kg1 Rf2 70. Be4 Rxf3
71. Bxf3 Kxf3 72. Kf1 Ke3 73. Ke1 e4 74. Kf1 Kd2 0-1

[Event "Aeroflot Open 2012 B"]
[Site "Moscow, Russia"]
[Date "2012.02.12"]
[Round "6"]
[White "Filipenko, Alexander V"]
[Black "Lavrov, Maxim"]
[Result "1/2-1/2"]
[WhiteElo "2351"]
[BlackElo "2397"]
[PlyCount "161"]
[EventDate "2012.??.??"]

1. e4 e5 2. Nf3 Nc6 3. Bb5 a6 4. Ba4 Nf6 5. O-O Be7 6. Re1 b5 7. Bb3 d6 8. a4
b4 9. a5 O-O 10. d3 Bg4 11. Be3 d5 12. Nbd2 d4 13. Bg5 Nd7 14. Bxe7 Nxe7 15. h3
Bxf3 16. Nxf3 Ng6 17. Qd2 Rb8 18. Qg5 Nc5 19. Qxd8 Rfxd8 20. Bc4 Re8 21. Nd2
Nf8 22. Nb3 Nfe6 23. Rf1 Kf8 24. f4 Nxb3 25. cxb3 Nxf4 26. Bxa6 Re6 27. Bc4 Rg6
28. Kh1 Ra8 29. a6 Rb6 30. Ra5 f6 31. g3 Ng6 32. h4 Ke7 33. h5 Nf8 34. h6 g6
35. a7 Ne6 36. Rc1 Nd8 37. Bd5 c6 38. Bc4 Rb7 39. Rca1 Nf7 40. Kg2 Kd6 41. Rf1
Ke7 42. Bxf7 Kxf7 43. Rxe5 Raxa7 44. Rc5 Rb6 45. e5 f5 46. g4 Ke6 47. gxf5+
gxf5 48. Kf3 Ra2 49. Rf2 Ra1 50. Kf4 Rh1 51. Rfc2 Rf1+ 52. Kg5 Rg1+ 53. Kf4
Rg4+ 54. Kf3 Rh4 55. R2c4 Rb5 56. Rxb5 cxb5 57. Rxb4 Rxh6 58. Rxb5 Rh3+ 59. Kf4
Rh4+ 60. Kf3 h5 61. b4 Rg4 62. Rb8 Kxe5 63. b5 Rf4+ 64. Kg2 h4 65. b6 Rg4+ 66.
Kh3 Kd6 67. Rh8 Kc6 68. Rh6+ Kb7 69. Rxh4 Rg1 70. Rxd4 Kxb6 71. Rd5 f4 72. Rd4
f3 73. Rf4 Rb1 74. Kg3 Rxb2 75. Kxf3 Kc5 76. Ke3 Kd5 77. Rf5+ Ke6 78. Rh5 Rb4
79. Kd2 Kd6 80. Kc3 Rg4 81. d4 1/2-1/2

[Event "Aeroflot Open 2012 B"]
[Site "Moscow, Russia"]
[Date "2012.02.12"]
[Round "6"]
[White "Debashis, Das"]
[Black "Munkhgal, Gombosuren"]
[Result "1/2-1/2"]
[WhiteElo "2389"]
[BlackElo "2340"]
[PlyCount "166"]
[EventDate "2012.??.??"]

1. d4 Nf6 2. c4 e6 3. Nc3 d5 4. cxd5 exd5 5. Bg5 Bb4 6. e3 h6 7. Bh4 g5 8. Bg3
Ne4 9. Qb3 c5 10. Bb5+ Nc6 11. Nge2 O-O 12. Rd1 c4 13. Qa4 Bxc3+ 14. Nxc3 Nxg3
15. hxg3 Ne7 16. Qa3 Bf5 17. Rxh6 a6 18. Rd6 Qb8 19. Rf6 Qc7 20. Rxf5 Nxf5 21.
Nxd5 Qd8 22. Bxc4 b5 23. Bb3 a5 24. g4 Nd6 25. Bc2 Kg7 26. Qd3 Rh8 27. b3 Rc8
28. f3 Rh2 29. Kf1 Qh8 30. e4 Rh1+ 31. Ke2 Rh2 32. Ne3 b4 33. e5 Rc3 34. Qd2
Qc8 35. Kf2 Qe6 36. Re1 Nb5 37. Kg3 Rxe3 38. Kxh2 Rxe1 39. Qxe1 Nxd4 40. Bd3
Nc6 41. Bf5 Qxe5+ 42. Qxe5+ Nxe5 43. Kg3 Kf6 44. Kf2 Nc6 45. Ke3 Ke5 46. g3 f6
47. f4+ Kd6 48. Be4 Nd8 49. Bd3 Ne6 50. Bc4 Nc5 51. Kd4 Nd7 52. Ke4 Nb6 53. Bg8
Nc8 54. Bf7 Ne7 55. Kd4 Nc8 56. Kc4 Na7 57. Bd5 Nc8 58. Be4 Na7 59. Bf3 Nc8 60.
Kb5 Ne7 61. Be4 Nc8 62. Bb7 Ne7 63. Kxa5 Kc5 64. Ka4 Ng6 65. Be4 Ne7 66. a3 Kd4
67. Bb7 bxa3 68. Kxa3 gxf4 69. gxf4 Ng6 70. g5 f5 71. Kb4 Nxf4 72. Ka5 Ke5 73.
b4 Ne6 74. g6 Kf6 75. Bd5 Nc7 76. Bc4 f4 77. Kb6 Ne6 78. Kc6 f3 79. g7 Nxg7 80.
b5 Ne6 81. b6 Nd8+ 82. Kc7 Ke7 83. Kc8 Kd6 1/2-1/2

[Event "Aeroflot Open 2012 B"]
[Site "Moscow, Russia"]
[Date "2012.02.12"]
[Round "6"]
[White "Huang, Qian"]
[Black "Narayanan.S.L"]
[Result "1-0"]
[WhiteElo "2389"]
[BlackElo "2320"]
[PlyCount "79"]
[EventDate "2012.??.??"]

1. d4 Nf6 2. Nf3 c5 3. c4 cxd4 4. Nxd4 b6 5. f3 Bb7 6. e4 d6 7. Nc3 e6 8. Be2
Be7 9. Be3 O-O 10. O-O a6 11. Qd2 Nbd7 12. Rfd1 Rc8 13. Rac1 Qc7 14. Bf1 Qb8
15. Kh1 Rfe8 16. Qf2 Bd8 17. b4 Bc7 18. Qg1 Kh8 19. Nb3 Rg8 20. Na4 Bc6 21. Nc3
Bb7 22. Be2 g5 23. Na4 Bc6 24. b5 axb5 25. cxb5 Ba8 26. Nd4 Nc5 27. Nc3 Rg6 28.
Nc6 Bxc6 29. bxc6 g4 30. fxg4 Ncxe4 31. Nb5 d5 32. Nxc7 Qxc7 33. g5 Nxg5 34.
Bxb6 Qd6 35. Qc5 Qe5 36. Qe3 Qd6 37. Bc5 Qc7 38. Bb6 Qd6 39. Bd4 Nge4 40. Qxe4
1-0

[Event "Aeroflot Open 2012 B"]
[Site "Moscow, Russia"]
[Date "2012.02.12"]
[Round "6"]
[White "Wang, Jue"]
[Black "Tari, Aryan"]
[Result "1-0"]
[WhiteElo "2388"]
[BlackElo "2206"]
[PlyCount "47"]
[EventDate "2012.??.??"]

1. e4 c6 2. d4 d5 3. e5 Bf5 4. Nf3 e6 5. Be2 Nd7 6. O-O Ne7 7. Nbd2 c5 8. dxc5
Nc6 9. Nb3 Nxc5 10. Bg5 Qc7 11. Nbd4 Be4 12. Re1 a6 13. Qd2 Bxf3 14. Bxf3 Nxe5
15. Bh5 Ng6 16. f3 Bd6 17. b4 Nd7 18. Nxe6 fxe6 19. Rxe6+ Kf8 20. Qxd5 Bxb4 21.
Kh1 Bc3 22. Be7+ Kf7 23. Rc6+ Kxe7 24. Rxc7 1-0

[Event "Aeroflot Open 2012 B"]
[Site "Moscow, Russia"]
[Date "2012.02.12"]
[Round "6"]
[White "Papp, Petra"]
[Black "Gomes, Mary Ann"]
[Result "1-0"]
[WhiteElo "2269"]
[BlackElo "2377"]
[PlyCount "119"]
[EventDate "2012.??.??"]

1. e4 c5 2. Nf3 d6 3. d4 cxd4 4. Nxd4 Nf6 5. Nc3 a6 6. Be3 e5 7. Nb3 Be6 8. f3
Nbd7 9. g4 b5 10. g5 Nh5 11. Qd2 Nb6 12. Nd5 Bxd5 13. exd5 Be7 14. Na5 Qc7 15.
Nc6 Rc8 16. a4 Nc4 17. Bxc4 bxc4 18. Qb4 f5 19. Rg1 f4 20. Bf2 g6 21. Qxc4 Qb7
22. O-O-O Ng7 23. b3 Nf5 24. h4 Bd8 25. Qb4 Qxb4 26. Nxb4 h6 27. gxh6 Rxh6 28.
Rd3 Kf7 29. Nxa6 Bxh4 30. Bb6 Ne3 31. Rxe3 fxe3 32. Bxe3 Rh5 33. b4 Rf5 34. Rf1
e4 35. f4 Rxd5 36. b5 Rd3 37. Bc5 Rf3 38. Rh1 dxc5 39. Rxh4 Rd8 40. Rh2 c4 41.
Kb2 e3 42. b6 c3+ 43. Kb3 Rf2 44. Rh7+ Kf6 45. Rh3 e2 46. Re3 Rd1 47. Nc5 Rb1+
48. Ka3 Ra1+ 49. Kb3 Rb1+ 50. Ka3 Rxf4 51. Rxe2 Rc4 52. Nb3 Rh1 53. b7 Rh8 54.
a5 Rc7 55. a6 Rc6 56. Nc5 Rxc5 57. Kb4 Rc7 58. Kb5 Rh1 59. Re4 Rh5+ 60. Kb6 1-0

[Event "Aeroflot Open 2012 B"]
[Site "Moscow, Russia"]
[Date "2012.02.12"]
[Round "6"]
[White "Ghosh, Diptayan"]
[Black "Petrosyan, Manuel"]
[Result "1-0"]
[WhiteElo "2372"]
[BlackElo "2205"]
[PlyCount "79"]
[EventDate "2012.??.??"]

1. d4 d5 2. c4 c6 3. Nf3 Nf6 4. e3 e6 5. b3 Nbd7 6. Bb2 Bd6 7. Bd3 O-O 8. O-O
b6 9. Nbd2 Bb7 10. Ne5 c5 11. cxd5 exd5 12. f4 cxd4 13. exd4 Ne4 14. Nxe4 dxe4
15. Bc4 Nf6 16. Qe2 Qe7 17. Rac1 Rac8 18. g4 Kh8 19. g5 Bxe5 20. fxe5 Nd5 21.
h4 Qd7 22. Kh2 Ne7 23. h5 Bd5 24. Rf4 f5 25. gxf6 gxf6 26. Rcf1 f5 27. Ba3 Rf7
28. Rg1 Nc6 29. Qe3 Rg8 30. Rxg8+ Kxg8 31. Bd6 Qe6 32. Rf2 Kh8 33. Bxd5 Qxd5
34. Qg5 Rg7 35. Qxf5 Nxd4 36. Qf8+ Qg8 37. Qxg8+ Rxg8 38. e6 Nc6 39. e7 Kg7 40.
Rg2+ 1-0